000 00469nam a2200181Ia 4500
005 20250417121916.0
008 231217s9999 xx 000 0 und d
020 _a9788131714508
082 _a621.381952 MAN;35
100 _aMano, M Morris. Ciletti, Michael D.
245 0 _aDigital design
250 _a4th ed.
260 _c2008
_bDorling Kindersley
_aNew Delhi
300 _axv, 623
500 _aContent page available
650 _aDigital
942 _cAA
999 _c188159
_d188159